• 首页
  • 本馆介绍
  • 公告通知
  • 最新文献
  • 馆藏检索
  • 电子资源
  • 读者导购
  • 参考咨询
  • 我的图书馆
  • 登录
  • 详细信息显示
  • 放入我的书架
  • 预约/预借图书
  • 作者相关作品
  • 分类相关作品
  • 丛书相关作品
  • 出版社相关作品

书目信息

  • 表格格式
  • 工作单格式
  • 卡片格式
题名:
世界主要国家教育政策形成、实施与评价机制研究
    
 
作者: 肖甦 著
分册:  
出版信息: 北京   人民出版社  2020
页数: 367页
开本: 24cm
丛书名: 扩大教育开放与国家发展丛书
单 册:
中图分类: G510 , G51
科图分类:
主题词: 教育政策--研究--世界
电子资源:
ISBN: 978-7-01-022666-8
000 01176nam0 2200277 450
001 2343354693
005 20231104120244.45
010    @a978-7-01-022666-8@dCNY70.00
100    @a20210507d2020 em y0chiy50 ea
101 0  @achi
102    @aCN@b110000
105    @ay z 000yy
200 1  @a世界主要国家教育政策形成、实施与评价机制研究@Ashi jie zhu yao guo jia jiao yu zheng ce xing cheng 、 shi shi yu ping jia ji zhi yan jiu@f肖甦等著
210    @a北京@c人民出版社@d2020
215    @a367页@d24cm
225 1  @a扩大教育开放与国家发展丛书@f王英杰,刘宝存主编
300    @a教育部人文社会科学重点研究基地重大项目“教育政策形成、试试和评价机制的国际比较研究”
330    @a本书以英国、法国、德国、俄罗斯、美国、日本、韩国、印度、南非、中国10个世界主要国家为研究对象国,探讨其教育政策的形成、实施及评价的整体形态以及具体教育政策的实践。
410  0 @12001 @a扩大教育开放与国家发展丛书
510 1  @aMechanisms of education policy formulation, implementation and evaluation in selected countries@zeng
606 0  @a教育政策@x研究@y世界
690    @aG510@v5
690    @aG51@v4
701  0 @a肖甦@Axiao su@4著
801  0 @aCN@b91MARC@c20210529
905    @aZUCC@dG51@e8
    
    世界主要国家教育政策形成、实施与评价机制研究/肖甦等著.-北京:人民出版社,2020
    367页;24cm.-(扩大教育开放与国家发展丛书/王英杰,刘宝存主编)
    教育部人文社会科学重点研究基地重大项目“教育政策形成、试试和评价机制的国际比较研究”
    
    ISBN 978-7-01-022666-8:CNY70.00
    本书以英国、法国、德国、俄罗斯、美国、日本、韩国、印度、南非、中国10个世界主要国家为研究对象国,探讨其教育政策的形成、实施及评价的整体形态以及具体教育政策的实践。
●
相关链接 在五车中查询图书 在当当中查询图书 在豆瓣中查询图书


正题名:世界主要国家教育政策形成、实施与评价机制研究     索取号:G51/8         预约/预借

序号 登录号 条形码 馆藏地/架位号 状态 备注
1 2001038019   2001038019   悦读、辽宁混合/悦读天下/辽批134/ [索取号:G51/8] 在馆    
2 2001038020   2001038020   悦读、辽宁混合/悦读天下/辽批134/ [索取号:G51/8] 在馆    
3 2001038021   2001038021   悦读、辽宁混合/悦读天下/辽批134/ [索取号:G51/8] 在馆    
4 2001038022   2001038022   悦读、辽宁混合/悦读天下/辽批134/ [索取号:G51/8] 在馆    
5 2001038023   2001038023   悦读、辽宁混合/悦读天下/辽批134/ [索取号:G51/8] 在馆    
6 2001038024   2001038024   悦读、辽宁混合/悦读天下/辽批134/ [索取号:G51/8] 在馆    
山东省滨州职业学院图书馆 欢迎您!
大连网信软件有限公司© 版权所有